000 00374nam a2200145Ia 4500
008 200103s9999||||xx |||||||||||||| ||und||
040 _aIMU-MPC
082 _aColumn-14
100 _aBurton, Stephen M.
245 0 _aNautical Tables for general navigational purposes
250 _a8th Ed.
260 _bStanford Maritime London
_c1978
300 _axviii, 345
942 _cBK
999 _c5531
_d5531